000 00639nam a2200181Ia 4500
008 100920s9999 xx 000 0 und d
082 _b101054
_a28 व 891,43 न 07
100 _aइन्दुरख्या नर्मदाप्रसाद.
245 _aतीन खरगोश.
260 _bनर्मदा पुस्तक प्रकाशन, जबलपूर.
_c2007
300 _a16
_bसाधी
365 _b15
520 _aबा.वि.हिंदी.
630 _aतीन खरगोश.
650 _aबा.वि.हिंदी.
730 _aतीन खरगोश.
942 _cBOOK
999 _c741491
_d741488